Writing it right! (Record no. 95686)

MARC details
000 -LEADER
campo de control de longitud fija 01940nam a2200217 i 4500
001 - NÚMERO DE CONTROL
campo de control 128663
005 - FECHA Y HORA DE LA ÚLTIMA TRANSACCIÓN
campo de control 20230410143110.0
008 - DATOS DE LONGITUD FIJA--INFORMACIÓN GENERAL
campo de control de longitud fija 180119b ilua 000 0 eng
020 ## - NÚMERO INTERNACIONAL ESTÁNDAR DEL LIBRO
Número Internacional Estándar del Libro 9781889715476
041 0# - CÓDIGO DE IDIOMA
Código de lengua del texto/banda sonora o título independiente eng
050 14 - SIGNATURA TOPOGRÁFICA DE LA BIBLIOTECA DEL CONGRESO
Número de clasificación bAS825 2009
100 1# - ENTRADA PRINCIPAL--NOMBRE DE PERSONA
Nombre de persona Asher, Sandy
245 00 - MENCIÓN DEL TÍTULO
Título Writing it right!
Resto del título how successful children's authors revise and sell their stories /
Mención de responsabilidad, etc. Sandy Asher
260 ## - PUBLICACIÓN, DISTRIBUCIÓN, ETC.
Lugar de publicación, distribución, etc. West Redding, CT :
Nombre del editor, distribuidor, etc. Writer's Institute ,
Fecha de publicación, distribución, etc. 2009
300 ## - DESCRIPCIÓN FÍSICA
Extensión 411 p. :
Otras características físicas ill ;
Dimensiones 22 cm
500 ## - NOTA GENERAL
Nota general Includes index.
505 0# - NOTA DE CONTENIDO CON FORMATO
Nota de contenido con formato Picture books -- Short stories -- Books for younger readers -- Books for older readers.
520 ## - RESUMEN, ETC.
Sumario, etc. There are Nine Essential Questions that all writers must answer before any manuscript is finished and before it can win an editor's acceptance. They're not our questions. They're the same questions editors ask every day. So, why doesn't every writer use these questions? Is it possible that some writers may not know the Nine Essential Questions . . . or how to answer them? The authors in Writing It Right! respond to their editors critiques and show you every trick in the book to get their stories accepted and published . . . and give you permission to use these techniques in your writing and revising. You'll see how to turn a short poem into a picture book (by cutting all but two lines of the first draft) and completely shifting the point of view . . . You'll watch a first draft go through three versions as the title changes and the author's best-loved section is cut to answer an essential question . . . You'll be astounded as you watch the author shift from third person past tense to first person present tense, while changing the main character . . . and many more feats of editorial skill. It's a roll-up-your-sleeves-and-go-to-work writer's manual that's guaranteed to change your perception of revision forever
650 #0 - PUNTO DE ACCESO ADICIONAL DE MATERIA--TÉRMINO DE MATERIA
Término de materia o nombre geográfico como elemento de entrada Children's literature -- Technique.
942 ## - ELEMENTOS DE ENTRADA SECUNDARIOS (KOHA)
Fuente del sistema de clasificación o colocación Clasificación de Library of Congress
Tipo de ítem Koha
Holdings
Estatus retirado Estado de pérdida Fuente del sistema de clasificación o colocación Estado de daño No para préstamo Colección Biblioteca de origen Biblioteca actual Ubicación en estantería Fecha de adquisición Signatura topográfica completa Código de barras Visto por última vez Copia número Tipo de ítem Koha
    Clasificación de Library of Congress     Automatización y Procesos Técnicos Biblioteca Juan Bosch Biblioteca Juan Bosch Automatización y Procesos Técnicos (1er. Piso) 10/04/2023 AS825 2009 00000120872 21/01/2019 1